Normal view
MARC view
- Van der Ziel, Aldert
Entry Personal Name
001 - CONTROL NUMBER
- control field: 103417
003 - CONTROL NUMBER IDENTIFIER
- control field: NUST
005 - DATE AND TIME OF LATEST TRANSACTION
- control field: 20221123125640.0
008 - FIXED-LENGTH DATA ELEMENTS
- fixed length control field: 221123|| aca||aabn | a|a d
040 ## - CATALOGING SOURCE
- Original cataloging agency: NUST
- Transcribing agency: NUST
100 ## - HEADING--PERSONAL NAME
- Personal name: Van der Ziel, Aldert
670 ## - SOURCE DATA FOUND
- Source citation: Work cat.: (NUST)181591: Van der Ziel, Aldert,, Solid state physical electronics /, [1976]
